Normale Ansicht MARC-Ansicht ISBD

Das Militärstrafgesetzbuch und die Kriegssonderstrafrechtsverordnung mit Erläuterungen. (Titelsatznr. 29717)

[ MARC ]
MARC-Details
000 -Satzkennung
Kontrollfeld mit fester Länge 00639nam a22002291c 4500
001 - Kontrollnummer
Kontrollfeld a987692507
008 - Feld mit fester Länge zur physischen Beschreibung - Allgemeine Angaben
Kontrollfeld mit fester Länge 190905s1942 gw |||| 000u ger d
041 ## - Sprachcode
Sprachcode des Textes/der Tonspur oder des separaten Titels ger
040 ## - Katalogisierungsquelle
Übertragungsstelle RU-10907106
003 - Kontrollnummer Identifier
Kontrollfeld RU-10907106
100 1# - Haupteintragung - Personenname
Personenname Dörken, Georg
245 04 - Titel
Titel Das Militärstrafgesetzbuch und die Kriegssonderstrafrechtsverordnung mit Erläuterungen.
250 ## - Ausgabebezeichnung
Ausgabebezeichnung 3. erweiterte Aufl.
264 ## - Produktion, Veröffentlichung, Distribution, Herstellung und Urheberrechtsvermerk
Herstellungs-, Veröffentlichungs- Vertriebs-, Erzeugungsort Berlin,
Datum der Herstellung, der Veröffentlichung, des Vertriebs oder des Urheberschutzvermerks 1942
300 ## - Physische Beschreibung
Umfang XI, 179 Seiten
490 #0 - Gesamttitelangabe
Gesamttitelangabe Dahlens Gesetzausgaben
650 #0 - Nebeneintragung unter einem Schlagwort - Sachschlagwort
Sachschlagwort oder geografischer Name als Eintragungselement Militärjustiz
650 #0 - Nebeneintragung unter einem Schlagwort - Sachschlagwort
Sachschlagwort oder geografischer Name als Eintragungselement Militärstrafgesetzbuch
651 #0 - Nebeneintragung unter einem Schlagwort - Geografischer Name
Geografischer Name Deutschland
700 1# - Nebeneintragung - Personenname
Personenname Scherer, Werner
Funktionsbezeichnung VerfasserIn
942 ## - Zusätzliche Felder (Koha)
Koha-Medientyp Monographien
Exemplare
Ausgeschieden Verloren Klassifikation oder Aufstellungssystematik Beschädigt Nicht entleihbar Heimatbibliothek Aufenthaltsbibliothek Aufstellungsort Erwerbungsdatum Inventarnummer Signatur Barcode Letzte Aktivität Preis gültig von Koha-Medientyp
    Andere/Generische Klassifikation     MWN Osteuropa MWN Osteuropa Lesesaal - 1 05/09/2019 20-00102 D 52 rd Dör E00401082D371952 23/02/2021 22/03/2021 Monographien